La obligación tributaria y su causa

Saved in:
Bibliografiske detaljer
Hovedforfatter: Cortina Gutiérrez, Alfonso (Author)
Format: Bog
Sprog:spansk
Udgivet: Ciudad de México Porrua 1976
Serier:Académia mexicana de jurisprudencia y legislación
Fag:
Tags: Tilføj Tag
Ingen Tags, Vær først til at tagge denne postø!

MARC

LEADER 00000nam a2200000 a 4500
001 UCY0819
003 CL-VaPUC
008 940813e19760000MX |||||||||||||||||spa|d
082 0 4 |a 343.04  |b COR  |2 21 
100 0 |a Cortina Gutiérrez, Alfonso  |e author  |9 328652 
245 1 3 |a La obligación tributaria y su causa 
300 |a 93 p 
942 |c BK 
945 |d 19940813 00:00:00  |a aalvarez 
260 |a Ciudad de México  |b Porrua  |c 1976 
650 0 |a Derecho tributario  |9 258895 
583 |a last modification  |c 19940813 00:00:00  |k Rodrigo Vera 
490 0 |a Académia mexicana de jurisprudencia y legislación 
999 |c 229722  |d 229720 
952 |0 0  |1 0  |4 0  |6 343_040000000000000_COR_1976  |7 0  |8 A  |9 231222  |a BIBDER  |b BIBDER  |d 2019-11-15  |i 2947056  |o 343.04 COR 1976  |p 2947056  |r 2019-11-15  |w 2019-11-15  |y BK  |k DER